000 00560nam a2200217Ia 4500
003 OSt
005 20250801093336.0
008 210210b2008 xxu||||| |||| 00| 0 eng d
040 _cAL
041 _aKannada
082 _aK894.2 HARY
100 _aHARIKRASHNA
_dಹರಿಕೃಷ್ಣ
_9233612
245 _aYuyutsu
_bಯುಯುತ್ಸು
260 _aBangaluru
_bNot Mentioned
_c2008
300 _a111
650 _aನಾಟಕ
_9233613
650 _aNataka
_9233614
690 _aKannada Drama
_9233615
906 _a063574
942 _2ddc
_cBK
999 _c138416
_d138416